The bomb in my garden \h [Elektronisk resurs] : \b the secret of Saddam's nuclear mastermind / \c by Mahdi Obeidi and Kurt Pitzer.(E Book) (Record no. 211226)
[ view plain ]
| 000 -LEADER | |
|---|---|
| fixed length control field | 01882 a2200313 4500 |
| 003 - CONTROL NUMBER IDENTIFIER | |
| control field | Nust |
| 005 - DATE AND TIME OF LATEST TRANSACTION | |
| control field | 20170207165241.0 |
| 020 ## - INTERNATIONAL STANDARD BOOK NUMBER | |
| International Standard Book Number | 978-0-471-69663-6 |
| 020 ## - INTERNATIONAL STANDARD BOOK NUMBER | |
| International Standard Book Number | 978-0-471-69663-6 (electronic bk.) |
| 035 ## - SYSTEM CONTROL NUMBER | |
| System control number | (AU-PeEL)EBL214268 |
| 035 ## - SYSTEM CONTROL NUMBER | |
| System control number | EBL214268 |
| 040 ## - CATALOGING SOURCE | |
| Transcribing agency | Nust |
| 082 00 - DEWEY DECIMAL CLASSIFICATION NUMBER | |
| Classification number | 956.7044/092 B |
| 100 1# - MAIN ENTRY--PERSONAL NAME | |
| Personal name | Obeidi, Mahdi, |
| 245 14 - TITLE STATEMENT | |
| Title | The bomb in my garden \h [Elektronisk resurs] : \b the secret of Saddam's nuclear mastermind / \c by Mahdi Obeidi and Kurt Pitzer.(E Book) |
| 260 ## - PUBLICATION, DISTRIBUTION, ETC. | |
| Place of publication, distribution, etc. | Hoboken : |
| Name of publisher, distributor, etc. | John Wiley & Sons, Inc., |
| Date of publication, distribution, etc. | 2004. |
| 300 ## - PHYSICAL DESCRIPTION | |
| Extent | 258 p. |
| 505 0# - FORMATTED CONTENTS NOTE | |
| Formatted contents note | The Bomb in My Garden; CONTENTS; Preface; 1. The Bomb in My Garden; 2. Early Ambitions; 3. The Centrifuge; 4. Saddam's Grip; 5. Shopping in Europe; 6. The Crash Program; 7. Nuclear Hide-and-Seek; 8. The Dark Years; 9. The March to War; 10. The Time Capsule; Epilogue; Acknowledgments; Index; |
| 520 ## - SUMMARY, ETC. | |
| Summary, etc. | A news-breaking inside look at Saddam's nuclear program-by the Iraqi scientist who ran itNo one knows more about Iraq's nuclear weapons program than Mahdi Obeidi, the man who headed its successful uranium enrichment effort. In the aftermath of the 2003 Iraq War, Obeidi voluntarily turned himself into American intelligence. Among the revelations reported by CNN at the time: In the early 1990s, under orders to hide the core of the program from U.N. weapons inspectors, Obeidi had buried in his backyard the capacity to build uranium-enriching gas centrifuges. |
| 538 ## - SYSTEM DETAILS NOTE | |
| System details note | Mode of access: World Wide Web. |
| 600 10 - SUBJECT ADDED ENTRY--PERSONAL NAME | |
| Personal name | Obeidi, Mahdi, |
| Dates associated with a name | 1944- |
| 650 #0 - SUBJECT ADDED ENTRY--TOPICAL TERM | |
| Topical term or geographic name entry element | Nuclear nonproliferation. |
| 650 #0 - SUBJECT ADDED ENTRY--TOPICAL TERM | |
| Topical term or geographic name entry element | Nuclear physicists |
| Geographic subdivision | Iraq |
| 650 #0 - SUBJECT ADDED ENTRY--TOPICAL TERM | |
| Topical term or geographic name entry element | Nuclear weapons |
| Geographic subdivision | Iraq. |
| 655 #7 - INDEX TERM--GENRE/FORM | |
| Genre/form data or focus term | Electronic books. |
| 700 1# - ADDED ENTRY--PERSONAL NAME | |
| Personal name | Pitzer, Kurt. |
| 710 2# - ADDED ENTRY--CORPORATE NAME | |
| Corporate name or jurisdiction name as entry element | Ebooks Corporation. |
| 856 40 - ELECTRONIC LOCATION AND ACCESS | |
| Uniform Resource Identifier | <a href="http://ezproxy.ub.gu.se/login?url=http://www.GU.eblib.com/EBLWeb/patron?target=patron&extendedid=P_214268_0&">http://ezproxy.ub.gu.se/login?url=http://www.GU.eblib.com/EBLWeb/patron?target=patron&extendedid=P_214268_0&</a> |
| 942 ## - ADDED ENTRY ELEMENTS (KOHA) | |
| Source of classification or shelving scheme | |
| Koha item type | Book |
| Withdrawn status | Lost status | Source of classification or shelving scheme | Damaged status | Not for loan | Collection code | Permanent Location | Current Location | Date acquired | Total Checkouts | Full call number | Barcode | Date last seen | Price effective from | Koha item type |
|---|---|---|---|---|---|---|---|---|---|---|---|---|---|---|
| Military College of Signals (MCS) | Military College of Signals (MCS) | 12/12/2016 | 956.7044 | MCSEB-1750 | 12/08/2016 | 12/12/2016 | Book |
